La lingüística del lenguaje. Acerca de los procesos de significar y comunicar

Guardat en:
Dades bibliogràfiques
Autor principal: Tobón de Castro, Lucía (Autor)
Format: Llibre
Idioma:espanyol
Publicat: Bogotá Universidad Pedagógica Nacional 2007
Edició:2a. ed
Matèries:
Etiquetes: Afegir etiqueta
Sense etiquetes, Sigues el primer a etiquetar aquest registre!

MARC

LEADER 00000nam a2200000 a 4500
001 UCI4222
003 CL-VaPUC
008 080104e20070000CK |||||||||||||||||spa|d
020 |a 9588226937 
082 0 4 |a 410  |b TOB  |2 21 
100 0 |a Tobón de Castro, Lucía  |e author  |9 525960 
245 1 3 |a La lingüística del lenguaje. Acerca de los procesos de significar y comunicar 
250 |a 2a. ed 
300 |a 224 p 
942 |c BK 
945 |d 20080104 00:00:00  |a rbrito 
260 |a Bogotá  |b Universidad Pedagógica Nacional  |c 2007 
650 0 |a Psicolingüística   |9 283371 
650 0 |a Semiótica  |9 265317 
650 0 |a Análisis del discurso  |9 256696 
650 0 |a Etnografía   |9 309735 
583 |a last modification  |c 20130102 10:33:44  |k Rodrigo Vera 
999 |c 328192  |d 328190 
952 |0 0  |1 0  |4 0  |6 410_000000000000000_TOB_2007  |7 0  |8 A  |9 411988  |a BIBEDU  |b BIBEDU  |d 2019-11-22  |i 4399498  |o 410 TOB 2007  |p 4399498  |r 2019-11-22  |w 2019-11-22  |y BK  |k LIT